It's always sunny in philadelphia trivia - Statistics

General Stats
  • This quiz has been taken 446 times
  • The average score is 9 of 15
Answer Stats
Hint Answer % Correct
Who pooped the bed Frank
97%
Charlie's answer to what we eat that doesn't eat us dragon
82%
How old is Alison on one of Dennis' cassette tapes 16
77%
Actor who plays Dennis Glenn Howerton
76%
What does Frank grease up and throw in the pool watermelon
74%
S in DENNIS Separate entirely
73%
Disease Cricket has at the high school reunion ring worm
70%
C in MAC completion
58%
The trucker on the way to A.C. wants Dennis and Charlie to split him like a what Coconut
55%
Reason Dee wants to see thundergun hangs dong
52%
What does Dee call the spin class instructor Bumblebee
50%
What do the gang drink out of sunscreen bottles tequila
43%
What Frank buys Dee when the gang hits the road Piss jar
32%
Dennis' dream car countach
16%
Name of the online video game where Charlie rules the world Techpocalypse
9%
No matching quizzes found
Score Distribution
Percent of People with Each Score
Percentile by Number Answered
Your Score History
You have not taken this quiz